00586nam a2200193 a 450000100060000000300080000600500170001400800410003103500190007204000270009104100080011808200270012624501040015325000120025726000440026930000290031365000210034271000290036363588BD-RjUL20211209081219.0170131s1937 ii a 000 0 eng  a(BD-RjUL)63717 aDLCcDLCdBD-RjULbeng aeng 223a382.0954bHAN 193700aHandbook of commercial information for India /cIssued with the authority of the Central Government a3rd ed. aDelhi :bManager of Publications,c1937 a474 p. :bill. ;c24 cm. aCommerce zIndia aIndia central government